Bandhanam (Record no. 7618)

MARC details
000 -LEADER
fixed length control field 00424nam a2200169Ia 4500
008 - FIXED-LENGTH DATA ELEMENTS--GENERAL INFORMATION
fixed length control field 140316s9999 xx 000 0 und d
020 ## - INTERNATIONAL STANDARD BOOK NUMBER
International Standard Book Number 8188087114
082 ## - DEWEY DECIMAL CLASSIFICATION NUMBER
Classification number 813.1
Item number NAR/BA
100 ## - MAIN ENTRY--PERSONAL NAME
Personal name Narendra,Kohli
245 ## - TITLE STATEMENT
Title Bandhanam
260 ## - PUBLICATION, DISTRIBUTION, ETC. (IMPRINT)
Place of publication, distribution, etc. Thiruvananthapuram
Name of publisher, distributor, etc. Cultural Publications Department
Date of publication, distribution, etc. 2004
300 ## - PHYSICAL DESCRIPTION
Extent 751
650 ## - SUBJECT ADDED ENTRY--TOPICAL TERM
Topical term or geographic name as entry element Malayalam Novel
650 ## - SUBJECT ADDED ENTRY--TOPICAL TERM
Topical term or geographic name as entry element Novel
700 ## - ADDED ENTRY--PERSONAL NAME
Personal name Sasi Kumar,M.K
942 ## - ADDED ENTRY ELEMENTS (KOHA)
Source of classification or shelving scheme Dewey Decimal Classification
Koha item type Books (General)
Holdings
Withdrawn status Lost status Source of classification or shelving scheme Damaged status Not for loan Home library Current library Shelving location Date acquired Total Checkouts Full call number Barcode Date last seen Date checked out Price effective from Koha item type
    Dewey Decimal Classification     KAU Central Library, Thrissur KAU Central Library, Thrissur General 18/03/2014 3 813.1 NAR/BA 215591 11/11/2022 11/11/2022 18/03/2014 Books (General)
    Dewey Decimal Classification     KAU Central Library, Thrissur KAU Central Library, Thrissur General 18/03/2014   813.1 NAR/BA 219577 18/03/2014   18/03/2014 Books (General)
Kerala Agricultural University Central Library
Thrissur-(Dt.), Kerala Pin:- 680656, India
Ph : (+91)(487) 2372219
E-mail: librarian@kau.in
Website: http://library.kau.in/